Statistiche per LE MIGLIORI CUCINE AL MONDO SECONDO TASTEATLAS

Clicka qui per fare il quiz!

Statistiche generali

  • Questo quiz è stato fatto 79 volte
  • Il punteggio medio è 35 su 50

Statistiche sulle risposte

NAZIONEPOSIZIONE% Corretto
FRANCIA9
100%
GIAPPONE4
100%
ITALIA1
100%
GRECIA2
99%
CINA11
97%
SPAGNA3
97%
BRASILE12
94%
ARGENTINA18
93%
GERMANIA15
93%
INDIA5
92%
MESSICO6
92%
PORTOGALLO13
92%
TURCHIA7
89%
USA8
82%
COREA DEL SUD19
79%
PERU10
79%
POLONIA14
78%
BELGIO31
76%
THAILANDIA30
76%
CROAZIA17
72%
UCRAINA41
72%
AUSTRIA33
71%
ROMANIA22
71%
IRAN24
68%
OLANDA32
68%
DANIMARCA35
67%
INDONESIA16
67%
LIBANO40
67%
REPUBBLICA CECA27
67%
TUNISIA48
65%
UNGHERIA21
65%
SERBIA25
64%
VIETNAM20
64%
ALGERIA34
61%
SUD AFRICA36
61%
BULGARIA28
60%
SLOVACCHIA50
60%
INGHILTERRA29
58%
PAKISTAN47
56%
GEORGIA26
54%
FILIPPINE23
51%
URUGUAY49
50%
SIRIA37
49%
LITUANIA44
43%
PARAGUAY46
43%
MALESIA39
42%
BANGLADESH43
39%
BOSNIA ED ERZEGOVINA38
38%
TAIWAN45
35%
PALESTINA42
13%

Distribuzione punteggi

Percentile per numero di risposta

Percentuale di utenti per punteggio

I tuoi punteggi nel tempo

Non hai fatto questo quiz